Auditoría administrativa (Registro nro. 2091)
[ vista simple ]
| 000 -LEADER | |
|---|---|
| fixed length control field | 01438 a2200193 4500 |
| 001 - CONTROL NUMBER | |
| control field | 30299 |
| 005 - DATE AND TIME OF LATEST TRANSACTION | |
| control field | 20260407155615.0 |
| 008 - FIXED-LENGTH DATA ELEMENTS--GENERAL INFORMATION | |
| fixed length control field | 260407a1971 arg spa d |
| 003 - CONTROL NUMBER IDENTIFIER | |
| control field | AR-UNSa-BCEJYS |
| 040 ## - CATALOGING SOURCE | |
| Original cataloging agency | AR-UNSa-BCEJYS |
| Language of cataloging | spa |
| Transcribing agency | AR-UNSa-BCEJYS |
| 080 ## - UNIVERSAL DECIMAL CLASSIFICATION NUMBER | |
| Universal Decimal Classification number | 657.635 |
| Common auxiliary subdivision | Informes y certificaciones de los auditores<br/> |
| 100 1# - MAIN ENTRY--PERSONAL NAME | |
| Personal name | Leonard, William P. |
| 245 10 - TITLE STATEMENT | |
| Title | Auditoría administrativa |
| Name of part/section of a work | evaluación de los métodos y eficiencia administrativos |
| 264 #1 - PRODUCTION, PUBLICATION, DISTRIBUTION, MANUFACTURE, AND COPYRIGHT NOTICE | |
| Place of production, publication, distribution, manufacture | México : |
| Name of producer, publisher, distributor, manufacturer | Diana |
| Date of production, publication, distribution, manufacture, or copyright notice | 1971 |
| 300 ## - PHYSICAL DESCRIPTION | |
| Extent | 315 p. |
| Dimensions | 22 cm. |
| 505 ## - FORMATTED CONTENTS NOTE | |
| Formatted contents note | 1. Elementos básicos de la administración - 2. Evaluación de los métodos y eficiencias administrativa - 3. Conceptos fundamentales de la auditoría administrativa - 4. Preparación de un programa de auditorias administrativas - 5. Iniciación de la auditoría administrativa - 6. Análisis, interpretación y síntesis - 7. Recopilación y registro de la información - 8. Medición del desempeño - 9. Dificultades que suelen encontrarse - 10. Evaluación de la eficiencia ejecutiva - 11. Planeación y recomendación de perfeccionamientos - 12. Preparación del informe de auditoría administrativa - 13. Hechos de especial importancia - 14. Examen d los resultados de la auditoria administrativa con las personas interesadas - 15. Informe final por escrito - 16. Vigilancia posterior a la auditoria administrativa - 17. Mirando el futuro |
| 590 ## - LOCAL NOTE (RLIN) | |
| Local note | niveau_biblio:m niveau_hierar:0 |
| 942 ## - ADDED ENTRY ELEMENTS (KOHA) | |
| Koha item type | |
| Withdrawn status | Lost status | Damaged status | Not for loan | Home library | Current library | Shelving location | Date acquired | Total checkouts | Full call number | Barcode | Date last seen | Price effective from | Koha item type |
|---|---|---|---|---|---|---|---|---|---|---|---|---|---|
| Biblioteca Prof. Eusebio Cleto del Rey | Biblioteca Prof. Eusebio Cleto del Rey | 07/04/2026 | 657.635 L579 | L13331 | 07/04/2026 | 07/04/2026 | Libro | ||||||
| Biblioteca Prof. Eusebio Cleto del Rey | Biblioteca Prof. Eusebio Cleto del Rey | 07/04/2026 | 657.635 L579 | L13332 | 07/04/2026 | 07/04/2026 | Libro | ||||||
| Biblioteca Prof. Eusebio Cleto del Rey | Biblioteca Prof. Eusebio Cleto del Rey | 07/04/2026 | 657.635 L579 | L13423 | 07/04/2026 | 07/04/2026 | Libro |